[Event "Cairo Heliopolis op 2nd"]
[Site "Cairo"]
[Date "2010.06.01"]
[Round "3"]
[White "Ibrahim, Hatim"]
[Black "Fahmy, Osama"]
[Result "1-0"]
[WhiteElo "2332"]
[BlackElo "2223"]
[PlyCount "61"]
[EventDate "2010.05.30"]
[EventType "swiss"]
[EventRounds "9"]
[EventCountry "EGY"]
[SourceTitle "EXT 2011"]
[Source "ChessBase"]
[SourceDate "2010.11.26"]
[SourceVersion "1"]
[SourceVersionDate "2010.11.26"]
[SourceQuality "1"]

1. d4 Nf6 2. c4 g6 3. Nc3 d5 4. cxd5 Nxd5 5. e4 Nxc3 6. bxc3 Bg7 7. Bb5+ c6 8. Ba4 a5 9. Qf3 0-0 10. Ne2 Nd7 11. 0-0 b5 12. Bb3 a4 13. Bc2 Nb6 14. Bg5 Qe8 15. Qg3 f6 16. Bc1 Nc4 17. f4 e5 18. dxe5 fxe5 19. f5 Kh8 20. Bg5 gxf5 21. exf5 Bf6 22. Bxf6+ Rxf6 23. Qg5 Qf8 24. Rad1 Ra7 25. Ng3 Rg7 26. Qc1 Rd6 27. f6 Rgd7 28. Rxd6 Rxd6 29. Ne4 Rd8 30. Qg5 Qf7 31. Qh4 1-0

[Event "Cairo Heliopolis op 2nd"]
[Site "Cairo"]
[Date "2010.05.30"]
[Round "1"]
[White "Gamal Eldin, Shereif"]
[Black "Fahmy, Osama"]
[Result "0-1"]
[WhiteElo "2046"]
[BlackElo "2223"]
[PlyCount "110"]
[EventDate "2010.05.30"]
[EventType "swiss"]
[EventRounds "9"]
[EventCountry "EGY"]
[SourceTitle "EXT 2011"]
[Source "ChessBase"]
[SourceDate "2010.11.26"]
[SourceVersion "1"]
[SourceVersionDate "2010.11.26"]
[SourceQuality "1"]

1. d4 Nf6 2. c4 g6 3. Nc3 d5 4. cxd5 Nxd5 5. e4 Nxc3 6. bxc3 Bg7 7. Bc4 0-0 8. Be3 c5 9. Ne2 cxd4 10. cxd4 e6 11. Qd2 Nc6 12. 0-0 Na5 13. Bd3 Bd7 14. Rac1 b6 15. Bh6 Rc8 16. Bxg7 Kxg7 17. Ba6 Rxc1 18. Rxc1 Bc6 19. Ng3 Qf6 20. e5 Qh4 21. Rc3 h6 22. f4 f5 23. Qf2 Qe7 24. Qc2 Qd7 25. Kh1 Rf7 26. Qf2 Qd5 27. Ne2 Qxa2 28. Rh3 g5 29. fxg5 hxg5 30. Qe3 Qb1+ 31. Ng1 f4 32. Qe2 f3 33. gxf3 g4 34. Qg2 Rf4 35. Rg3 Rxf3 36. Rxg4+ Kf7 37. Rg7+ Kf8 38. Rc7 Rg3 39. hxg3 Bxg2+ 40. Kxg2 Qe4+ 41. Nf3 Nc6 42. Kf2 Nxd4 43. Rf7+ Ke8 44. Rf4 Qc2+ 45. Kf1 Nf5 46. Bb5+ Ke7 47. Ne1 Nxg3+ 48. Kg1 Qb1 49. Kf2 Ne4+ 50. Rxe4 Qxe4 51. Nf3 a5 52. Be2 a4 53. Nd2 Qxe5 54. Nc4 Qd4+ 55. Ke1 b5 0-1

[Event "EGY-ch Masters"]
[Site "Cairo"]
[Date "2009.11.17"]
[Round "3.1"]
[White "Fekri, Wael"]
[Black "Fahmy, Osama"]
[Result "1-0"]
[WhiteElo "2072"]
[BlackElo "2240"]
[PlyCount "73"]
[EventDate "2009.11.15"]
[EventType "swiss"]
[EventRounds "8"]
[EventCountry "EGY"]
[SourceTitle "EXT 2024"]
[Source "ChessBase"]
[SourceDate "2023.10.10"]
[SourceVersion "1"]
[SourceVersionDate "2023.10.10"]
[SourceQuality "1"]

1. Nc3 d5 2. d4 Nf6 3. f3 e6 4. Be3 b6 5. Bf2 Bb7 6. g4 h6 7. h4 a6 8. Qd2 c5 9. e3 Qc7 10. Nh3 Bd6 11. Rg1 Nc6 12. g5 Nd7 13. g6 f6 14. Nf4 Bxf4 15. exf4 cxd4 16. Ne2 e5 17. Bg3 0-0 18. Bh3 Rae8 19. c3 exf4 20. Bxf4 Nde5 21. 0-0-0 d3 22. Ng3 Nd4 23. Bg4 Qc4 24. b3 Qc5 25. Bxe5 Ne2+ 26. Nxe2 dxe2 27. Qxe2 Rxe5 28. Qd2 h5 29. b4 Qe7 30. f4 Re3 31. Rge1 d4 32. Bxh5 Rc8 33. Rxe3 dxe3 34. Qd4 b5 35. Re1 Re8 36. Bg4 Qe4 37. Qxe4 1-0

[Event "Egypt op"]
[Site "Egypt"]
[Date "2009.07.29"]
[Round "9"]
[White "Hesham, Abdelrahman"]
[Black "Fahmy, Osama"]
[Result "0-1"]
[WhiteElo "2130"]
[BlackElo "2213"]
[PlyCount "76"]
[EventDate "2009.07.20"]
[EventType "swiss"]
[EventRounds "9"]
[EventCountry "EGY"]
[SourceTitle "EXT 2011"]
[Source "ChessBase"]
[SourceDate "2010.11.26"]
[SourceVersion "1"]
[SourceVersionDate "2010.11.26"]
[SourceQuality "1"]

1. d4 d5 2. c4 c6 3. Nf3 Nf6 4. Nc3 a6 5. e3 Bf5 6. Qb3 Ra7 7. Bd2 e6 8. Nh4 Bg6 9. Nxg6 hxg6 10. Be2 Bd6 11. h3 Nbd7 12. a4 Qe7 13. 0-0 g5 14. g3 Rxh3 15. Kg2 Rh6 16. Rh1 Ne4 17. Nxe4 dxe4 18. Qc2 f5 19. f3 Nf6 20. Kf2 Qc7 21. f4 gxf4 22. gxf4 c5 23. Rxh6 gxh6 24. Qc3 Qd8 25. Rh1 Ng8 26. dxc5 Bxc5 27. b4 Bf8 28. Qh8 Nf6 29. Rxh6 Ng4+ 30. Bxg4 fxg4 31. Bc3 Qd1 32. Kg3 Qg1+ 33. Kh4 Qh2+ 34. Kg5 Qxh6+ 35. Qxh6 Bxh6+ 36. Kxh6 g3 37. Be1 g2 38. Bf2 b6 0-1

[Event "Egypt op"]
[Site "Egypt"]
[Date "2009.07.26"]
[Round "6"]
[White "Fahmy, Osama"]
[Black "Abdel Wahed, Tarek"]
[Result "1-0"]
[WhiteElo "2213"]
[BlackElo "2096"]
[PlyCount "121"]
[EventDate "2009.07.20"]
[EventType "swiss"]
[EventRounds "9"]
[EventCountry "EGY"]
[SourceTitle "EXT 2011"]
[Source "ChessBase"]
[SourceDate "2010.11.26"]
[SourceVersion "1"]
[SourceVersionDate "2010.11.26"]
[SourceQuality "1"]

1. d4 Nf6 2. Nf3 d5 3. Bf4 Bf5 4. e3 e6 5. Nbd2 Bd6 6. Ne5 Bxe5 7. dxe5 Nfd7 8. g4 Bg6 9. Bg3 h5 10. gxh5 Bxh5 11. Be2 Bxe2 12. Qxe2 Qg5 13. 0-0-0 Nc6 14. f4 Qh5 15. Qf2 0-0-0 16. e4 dxe4 17. Nxe4 Nb6 18. Nc5 Nb4 19. Rd4 Rxd4 20. Qxd4 Nc6 21. Qe4 Rd8 22. c3 Rd5 23. Bf2 Nd7 24. Nb3 Nb6 25. c4 Rd8 26. a3 Qh3 27. Nc5 Nd7 28. Nd3 Nb6 29. Kc2 Ne7 30. Rd1 Qf5 31. Qxf5 Nxf5 32. b3 Rh8 33. Bg1 Rh4 34. Rd2 Rg4 35. Bc5 Rh4 36. Rg2 Nd7 37. Bf2 Rh3 38. Kd2 b6 39. b4 Kb7 40. Bg3 Nb8 41. Kc3 Rh8 42. Nf2 Nc6 43. Ne4 Rd8 44. b5 Na5 45. Bf2 Rd1 46. Rg1 Rd8 47. c5 Kc8 48. c6 Rd5 49. a4 Kd8 50. Ng3 Nxg3 51. Rxg3 f6 52. Rxg7 fxe5 53. fxe5 Rxe5 54. Bh4+ Ke8 55. Rxc7 Re4 56. Rh7 Rc4+ 57. Kd3 Rc5 58. Re7+ Kf8 59. Rxa7 Ke8 60. Re7+ Kf8 61. Rxe6 1-0